| 000 | 00401nam a2200169Ia 4500 | ||
|---|---|---|---|
| 008 | 210210b1919 xxu||||| |||| 00| 0 eng d | ||
| 082 | _a823.7 AUSP | ||
| 100 | _aAUSTEN (Jane) | ||
| 245 | _aPride and prejudice | ||
| 260 |
_aLondon _bMacmillan & Co. Ltd. _c1919 |
||
| 300 | _axxx,352,iv | ||
| 650 | _aPride | ||
| 650 | _aprejudice | ||
| 650 | _aand | ||
| 690 | _aEnglish Fiction | ||
| 906 | _a040385 | ||
| 999 |
_c90446 _d90446 |
||